Архипелаг Гулаг. 1918-1956: опыт художественного исследования: в 3 т.

Bibliografiset tiedot
Päätekijä: Солженицын А. И. Александр Исаевич
Kieli:venäjä
Julkaistu: Москва, Советский писатель, 1989
Aineistotyyppi: MixedMaterials Kirja
KOHA link:https://koha.lib.tpu.ru/cgi-bin/koha/opac-detail.pl?biblionumber=92225

MARC

LEADER 00000nam1a2200000 4500
001 92225
005 20231101213821.0
010 |a 5340008770 
010 |a 5-265-01557-4 
035 |a (RuTPU)RU\TPU\book\98827 
035 |a RU\TPU\book\90054 
090 |a 92225 
100 |a 20060310d1989 m y0rusy50 ca 
101 0 |a rus 
102 |a RU 
200 1 |a Архипелаг Гулаг. 1918-1956  |e опыт художественного исследования: в 3 т.  |f А. И. Солженицын 
210 |a Москва  |c Советский писатель  |a Минск  |c Мастацкая литература  |d 1989 
700 1 |a Солженицын  |b А. И.  |c русский писатель  |c академик РАН  |f 1918-2008  |g Александр Исаевич  |2 stltpush  |3 (RuTPU)RU\TPU\pers\1117  |9 504 
801 1 |a RU  |b 63413507  |c 20051021  |g PSBO 
801 2 |a RU  |b 63413507  |c 20131123  |g PSBO 
942 |c BK